El Impuesto municipal sobre incremento de valor de los terrenos de naturaleza urbana / Antonio Agúndez Fernández
ISBN:
84-86509-89-0
Descripción Física:
189 p. ; 22 cm
MARC
| LEADER | 00000nam a2200000Ia 4500 | ||
|---|---|---|---|
| 001 | 18158 | ||
| 008 | 160829s1989 xx 000 0 cat d | ||
| 020 | |a 84-86509-89-0 | ||
| 080 | |a M-5-244 | ||
| 100 | |a Agúndez Fernández, Antonio |9 22276 | ||
| 245 | |a El Impuesto municipal sobre incremento de valor de los terrenos de naturaleza urbana / Antonio Agúndez Fernández | ||
| 260 | |a Granada : |b Comares, |c 1989 | ||
| 300 | |a 189 p. ; |c 22 cm | ||
| 650 | 0 | |a Impostos locals |z Espanya |9 22277 | |
| 650 | 0 | |a Impostos immobiliaris |y Espanya |9 23070 | |
| 650 | |a Impostos de plusvàlua |x Espanya |9 22279 | ||
| 901 | |a Arxiu | ||
| 942 | |n 1 | ||
| 952 | |0 0 |1 0 |4 0 |6 M5244 |7 1 |9 42155 |a Arxiu |b Arxiu |d 2016-12-01 |l 0 |o M-5-244 |p 18158 |r 2016-12-01 00:00:00 |w 2016-12-01 |y ARXIU | ||
| 999 | |c 44602 |d 44602 | ||